00625 2200241 4500001002100000005001700021008004100038020002200079035002400101082001100125090001600136245005200152260003100204300002800235500002500263500001100288650000900299700002100308850000900329999001500338999001500353999001500368YOGYA-0209000007282820090227093647.0 ind  a978-979-709-338-9 0010-020900000072828 a808.84 a808.84bEsa aEsai-esai nobel ekonomicEditor Bagus Dharmawan aJakartabBuku Kompasc2007 axx,272 hlmbilusc22 cm aTermasuk bibliografi aIndeks aEsai aDharmawan, Bagus aBPAD a08P0000965 a08P0000966 a08P0000967